Teoría microeconómica / (Registro nro. 5436)

Detalles MARC
000 -LEADER
fixed length control field 01210nam a2200289Ia 4500
003 - CONTROL NUMBER IDENTIFIER
control field OSt
005 - DATE AND TIME OF LATEST TRANSACTION
control field 20200605112242.0
008 - FIXED-LENGTH DATA ELEMENTS--GENERAL INFORMATION
fixed length control field 191128s1977 mx ad gr 000 0dspa d
040 ## - CATALOGING SOURCE
Original cataloging agency CO-JMCR
Transcribing agency CO-JMCR
041 1# - LANGUAGE CODE
Language code of text/sound track or separate title spa
Language code of original eng
082 04 - DEWEY DECIMAL CLASSIFICATION NUMBER
Classification number 330.1 /
Item number F352t
Edition number 23
100 1# - MAIN ENTRY--PERSONAL NAME
Personal name Ferguson, C. E.,
Relator term autor
9 (RLIN) 4979
245 10 - TITLE STATEMENT
Title Teoría microeconómica /
Statement of responsibility, etc. C. E. Ferguson ; traducción de Eduardo L. Suárez
250 ## - EDITION STATEMENT
Edition statement Primer edición
260 ## - PUBLICATION, DISTRIBUTION, ETC.
Place of publication, distribution, etc. México :
Name of publisher, distributor, etc. Fondo de Cultura Económica, impresión,
Date of publication, distribution, etc. 1977
300 ## - PHYSICAL DESCRIPTION
Extent 456 páginas :
Other physical details gráficos a blanco y negro ;
Dimensions 22 cm.
490 0# - SERIES STATEMENT
Series statement Sección de obras de economía
500 ## - GENERAL NOTE
General note Exlibris: Últimas páginas deterioradas.
505 ## - FORMATTED CONTENTS NOTE
Formatted contents note Teoría de la conducta del consumidor y de la demanda -- Teoría de la producción y el costo -- La teoría de la empresa y la organización del mercado -- La teoría de la distribución -- La teoría del equilibrio general y el bienestar económico
534 ## - ORIGINAL VERSION NOTE
Introductory phrase Microeconomic theory
546 ## - LANGUAGE NOTE
Language note Traducido del inglés
650 14 - SUBJECT ADDED ENTRY--TOPICAL TERM
Topical term or geographic name entry element Microeconomía
9 (RLIN) 4980
650 24 - SUBJECT ADDED ENTRY--TOPICAL TERM
Topical term or geographic name entry element Teoría económica
9 (RLIN) 4981
650 24 - SUBJECT ADDED ENTRY--TOPICAL TERM
Topical term or geographic name entry element Mercado Demanda
9 (RLIN) 4982
700 1# - ADDED ENTRY--PERSONAL NAME
Personal name Suárez, Eduardo L.,
Relator term traductor
9 (RLIN) 4465
942 ## - ADDED ENTRY ELEMENTS (KOHA)
Source of classification or shelving scheme Dewey Decimal Classification
Koha item type Books
Existencias
Withdrawn status Lost status Source of classification or shelving scheme Materials specified (bound volume or other part) Damaged status Not for loan Home library Current library Shelving location Date acquired Source of acquisition Cost, normal purchase price Total Checkouts Full call number Barcode Date last seen Copy number Price effective from Koha item type
    Dewey Decimal Classification Donación--15/04/2018--     Biblioteca Pública José María del Castillo y Rada Biblioteca Pública José María del Castillo y Rada General Stacks 11/28/2019 Donación 0.00   330.1 / F352t 430001908 05/16/2024 Ej.1 11/28/2019 Books